000 00431nam a2200157 a 4500
001 000042578
005 20201002040240.0
008 140128s2009 dr 000 0 spa d
020 _a9789945002515
040 _aDO-SdBNP
_bspa
_cBNPHU
082 _axxxxxx
_bxxxxxx
100 1 _aTruman, José,
_d1950-
_969824
245 1 0 _aMemorial de fe /
_cJosé Truman.
260 _aSanto Domingo, :
_bs.n.,
_c2009.
300 _a154´p. ;
_c21 cm.
999 _c42067
_d42067